000
00321nam a2200133Ia 4500
008
200103s9999||||xx |||||||||||||| ||und||
040
_a
IMU-MPC
082
_a
Column-62
100
_a
Binns, H.
245
0
_a
Examples in Engineering Drawing
260
_b
Hodder and Stoughton, London
_c
1948
300
_a
92
942
_c
BK
999
_c
11189
_d
11189